书目信息 |
| 题名: |
分子高激发振动
|
|
| 作者: | 吴国祯 著 | |
| 分册: | ||
| 出版信息: | 北京 科学出版社 2014.06 |
|
| 页数: | 340页 | |
| 开本: | 24cm | |
| 丛书名: | ||
| 单 册: | ||
| 中图分类: | O561.3 | |
| 科图分类: | ||
| 主题词: | 分子振动--混沌理论 , 分子振动--非线性力学 | |
| 电子资源: | ||
| ISBN: | 978-7-03-040993-5 | |
| 000 | 01132nam0 2200277 450 | |
| 001 | 1818 | |
| 001 | 01CN10009373@CSLN | |
| 005 | 20161201142401.10 | |
| 010 | @a978-7-03-040993-5@dCNY108.00 | |
| 100 | @a20140725d2014 em y0chiy50 ea | |
| 101 | 0 | @achi |
| 102 | @aCN@b110000 | |
| 105 | @aa z 000yy | |
| 200 | 1 | @a分子高激发振动@9fen zi gao ji fa zhen dong@e非线性和混沌的理论@f吴国祯著 |
| 205 | @a3版 | |
| 210 | @a北京@c科学出版社@d2014.06 | |
| 215 | @a340页@c图@d24cm | |
| 330 | @a本书系统介绍如何运用李代数,李群的陪集空间表示方法,来研究分子高激发振动态的非线性动力学性质。书中并介绍相关非线性动力学的基础知识,如混沌,分形,准周期,共振,李雅普诺夫(Lyapunov)指数等,以及这些观念在分子高激发振动动力学研究中的应用。全书共有25章,从基本观念入手,由浅至深,从介绍动力学群的概念 | |
| 333 | @a相关专业本科生,研究生及科研工作者 | |
| 517 | 1 | @a非线性和混沌的理论@9fei xian xing he hun dun de li lun |
| 606 | 0 | @a分子振动@x混沌理论 |
| 606 | 0 | @a分子振动@x非线性力学 |
| 690 | @aO561.3@v4 | |
| 701 | 0 | @a吴国祯@9wu guo zhen@4著 |
| 801 | 0 | @aCN@b大连网信软件有限公司图书馆·11@c20161201 |
| 905 | @aZUCC@dO561.3@e54=3 | |
| 分子高激发振动:非线性和混沌的理论/吴国祯著.-3版.-北京:科学出版社,2014.06 |
| 340页:图;24cm |
| 使用对象:相关专业本科生,研究生及科研工作者 |
| ISBN 978-7-03-040993-5:CNY108.00 |
| 本书系统介绍如何运用李代数,李群的陪集空间表示方法,来研究分子高激发振动态的非线性动力学性质。书中并介绍相关非线性动力学的基础知识,如混沌,分形,准周期,共振,李雅普诺夫(Lyapunov)指数等,以及这些观念在分子高激发振动动力学研究中的应用。全书共有25章,从基本观念入手,由浅至深,从介绍动力学群的概念 |
| ● |
| 相关链接 |
|
|
|
|
正题名:分子高激发振动
索取号:O561.3/54=3
 
预约/预借
| 序号 | 登录号 | 条形码 | 馆藏地/架位号 | 状态 | 备注 |
| 1 | 909971 | 209099713 | 第二样本阅览室/ [索取号:O561.3/54=3] | 在馆 | |
| 2 | 909972 | 209099722 | 第三借阅区/ [索取号:O561.3/54=3] | 在馆 | |
| 3 | 909973 | 209099731 | 第三借阅区/ [索取号:O561.3/54=3] | 在馆 | |
| 4 | 909974 | 209099740 | 密集书库-物理学院/ [索取号:O561.3/54=3] | 在馆 |